Literary criticism from plato to postmodernism: the humanistic alternative (Record no. 165830)

MARC details
000 -LEADER
fixed length control field 01317nam a2200241Ia 4500
003 - CONTROL NUMBER IDENTIFIER
control field OSt
005 - DATE AND TIME OF LATEST TRANSACTION
control field 20251009151512.0
008 - FIXED-LENGTH DATA ELEMENTS--GENERAL INFORMATION
fixed length control field 210423s2014 xx 000 0 und d
020 ## - INTERNATIONAL STANDARD BOOK NUMBER
International Standard Book Number 978-0-107-02610-0
040 ## - CATALOGING SOURCE
Transcribing agency AL
041 ## - LANGUAGE CODE
Language code of text/sound track or separate title eng
082 ## - DEWEY DECIMAL CLASSIFICATION NUMBER
Classification number 801.95
Item number SEAL
100 ## - MAIN ENTRY--PERSONAL NAME
Personal name James Seaton
9 (RLIN) 102275
245 ## - TITLE STATEMENT
Title Literary criticism from plato to postmodernism: the humanistic alternative
260 ## - PUBLICATION, DISTRIBUTION, ETC.
Place of publication, distribution, etc. New York
Name of publisher, distributor, etc. Cambridge University Press
Date of publication, distribution, etc. 2014
300 ## - PHYSICAL DESCRIPTION
Extent x,225p
Other physical details HB
Dimensions 22x14cm.
365 ## - TRADE PRICE
Price amount 5697
Currency code USD
520 ## - SUMMARY, ETC.
Summary, etc. This book offers a history of literary criticism from Plato to the present, arguing that this history can best be seen as a dialogue among three traditions - the Platonic, Neoplatonic, and the humanistic, originated by Aristotle. There are many histories of literary criticism, but this is the first to clarify our understanding of the many seemingly incommensurable approaches employed over the centuries by reference to the three traditions. Making its case by careful analyses of individual critics, the book argues for the relevance of the humanistic tradition in the twenty-first century and beyond.
650 ## - SUBJECT ADDED ENTRY--TOPICAL TERM
Topical term or geographic name entry element Literary Theory
9 (RLIN) 102276
650 ## - SUBJECT ADDED ENTRY--TOPICAL TERM
Topical term or geographic name entry element Literature
9 (RLIN) 102277
906 ## - LOCAL DATA ELEMENT F, LDF (RLIN)
a alternative ; criticism ; humanistic ; Literary ; plato ; postmodernism:
942 ## - ADDED ENTRY ELEMENTS (KOHA)
Source of classification or shelving scheme Dewey Decimal Classification
Koha item type Book
Holdings
Withdrawn status Lost status Damaged status Not for loan Collection code Home library Current library Date acquired Source of acquisition Cost, normal purchase price Total Checkouts Full call number Barcode Date last seen Price effective from Koha item type
        MA English St Aloysius PG Library St Aloysius PG Library 09/04/2014 Intact Bookhouse 5697.00   801.95 SEAL PG012328 08/24/2022 04/26/2021 Book